| 000 | 00729 a2200229 4500 | ||
|---|---|---|---|
| 999 |
_c200001567 _d15674 |
||
| 001 | 200001567 | ||
| 003 | TR-AnTOB | ||
| 005 | 20230822155021.0 | ||
| 008 | 100728s1982 tu 000 0 | ||
| 040 |
_aTR-AnTOB _beng _cTR-AnTOB _erda |
||
| 041 | _atur | ||
| 050 | 1 | 4 |
_aHD2757.4 _b.C65 1982 |
| 090 | _aHD2757.4.C65 1982 | ||
| 100 | 1 |
_aÇöloğlu, Halit _930392 |
|
| 245 | 1 | 0 |
_aOligopol piyasasında rekabet sorunu ve uygulamalı bir örnek / _cHalit Çöloğlu. |
| 264 | 1 |
_aAnkara : _bAnkara İktisadi ve Ticari İlimler Akademisi, _c1982. |
|
| 300 |
_aV, 246 s. : _bres. ; _c19 cm. |
||
| 490 | 0 | _aAnkara İktisadi ve Ticari İlimler Akademisi yayın no. 148 | |
| 650 | 7 |
_aOligopoller _2etuturkob _922848 |
|
| 942 |
_cBK _2lcc |
||